Reviews in modern astronomy (Record no. 16414)

MARC details
000 -LEADER
fixed length control field 00663nam a2200205Ia 4500
003 - CONTROL NUMBER IDENTIFIER
control field IN-BaIIA
008 - FIXED-LENGTH DATA ELEMENTS--GENERAL INFORMATION
fixed length control field 211028s9999 xx 000 0 eng d
020 ## - INTERNATIONAL STANDARD BOOK NUMBER
International Standard Book Number 3-527-40451-1
040 ## - CATALOGING SOURCE
Transcribing agency IIA Library
080 ## - UNIVERSAL DECIMAL CLASSIFICATION NUMBER
Universal Decimal Classification number 52(048.1)
Item number REV-16
245 #0 - TITLE STATEMENT
Title Reviews in modern astronomy
Remainder of title 16, the cosmic circuit of matter
Statement of responsibility, etc. edited by Reinhard E. Schielicke
260 ## - PUBLICATION, DISTRIBUTION, ETC.
Place of publication, distribution, etc. Weinheim
Name of publisher, distributor, etc. Wiley-VCH Verlag Gmbh
Date of publication, distribution, etc. 2003
300 ## - PHYSICAL DESCRIPTION
Extent 320p.
490 ## - SERIES STATEMENT
Series statement Reviews in modern astronomy; v. 16
650 ## - SUBJECT ADDED ENTRY--TOPICAL TERM
Topical term or geographic name entry element Astronomy
9 (RLIN) 80
650 ## - SUBJECT ADDED ENTRY--TOPICAL TERM
Topical term or geographic name entry element Etoiles-Composition
9 (RLIN) 30430
650 ## - SUBJECT ADDED ENTRY--TOPICAL TERM
Topical term or geographic name entry element Galaxies
9 (RLIN) 1286
700 ## - ADDED ENTRY--PERSONAL NAME
Personal name Schielicke, Reinhard E., ed.
9 (RLIN) 23237
942 ## - ADDED ENTRY ELEMENTS (KOHA)
Koha item type Books
Holdings
Withdrawn status Lost status Damaged status Not for loan Home library Current library Shelving location Date acquired Source of acquisition Cost, normal purchase price Total Checkouts Full call number Barcode Date last seen Cost, replacement price Price effective from Koha item type Purchase Price
        IIA Library-Bangalore IIA Library-Bangalore General Stacks 22/02/2007 PBPL 6214.60   52(048.1)/ REV-16 17336 05/11/2021 6214.60 22/02/2007 Books Rs. 6214.60

Powered by Koha